Normal view
MARC view
- Tatro, Earl E
Entry Personal Name
001 - CONTROL NUMBER
- control field: 7302
003 - CONTROL NUMBER IDENTIFIER
- control field: OSt
005 - DATE AND TIME OF LATEST TRANSACTION
- control field: 20250315121711.0
008 - FIXED-LENGTH DATA ELEMENTS
- fixed length control field: 250315|| aca||aabn | a|a d
040 ## - CATALOGING SOURCE
- Original cataloging agency: OSt
- Transcribing agency: OSt
100 ## - HEADING--PERSONAL NAME
- Personal name: Tatro, Earl E
670 ## - SOURCE DATA FOUND
- Source citation: Work cat.: (OSt)8904: Anderson, James . 7301, Shop theory / , 1985.
